000 00642nam a2200205 a 4500
001 BRCA_2772
005 20190320203948.0
008 051208s1949----nyua---###---#000-0#eng-u
050 4 _aNK835
_b.P46 1949
245 1 0 _aPennsylvania German Arts and crafts
_ba picture book
_cthe Metropolitan Museum of Art.
260 _aNew York
_bThe Museum
_c1949
300 _a[4] p.
_bil., [28] láminas
_c26 cm.
500 _aAA89
650 1 4 _aArte popular
_97800
650 1 4 _aAlemanes en Pennsylvania
_97801
650 1 4 _aArte
_xIndustria y comercio
_97236
710 2 _aMetropolitan Museum of Art (Nueva York)
_97537
902 _aGFM
942 _2lcc
_cB
999 _c2512
_d2512